Arsenal F.C. 2019/2020 Squad - Statistics

General Stats
  • This quiz has been taken 226 times
    190 since last reset
  • The average score is 23 of 29
Answer Stats
No. Answer % Correct
1 Germany (GK) Bernd Leno
98%
9 France (FW) Alexandre Lacazette
93%
2 Spain (DF) Héctor Bellerín
93%
10 Germany (MF) Mesut Özil
93%
4 Egypt (MF) Mohamed Elneny
93%
14 Gabon (FW) Pierre-Emerick Aubameyang
92%
5 Greece (DF) Sokratis Papastathopoulous
91%
19 Côte d'Ivoire (FW) Nicolas Pépé
89%
- Spain (MAN) Unai Emery
89%
34 Switzerland (MF) Granit Xhaka
88%
3 Scotland (DF) Kieran Tierney
88%
11 Uruguay (MF) Lucas Torreira
88%
7 Armenia (MF) Henrikh Mkhitaryan
86%
31 Bosnia & Herzegovina (DF) Saed Kolašinac
85%
26 Argentina (GK) Emiliano Martínez
84%
20 Germany (DF) Shkodran Mustafi
81%
23 Brazil (DF) David Luiz
78%
8 Spain (MF) Dani Ceballos
77%
18 Spain (DF) Nacho Monreal
76%
16 England (DF) Rob Holding
75%
35 Brazil (FW) Gabriel Martinelli
72%
29 France (MF) Mattéo Guendouzi
70%
27 Greece (DF) Konstantinos Mavropanos
67%
21 England (DF) Calum Chambers
65%
15 England (MF) Ainsley Maitland-Niles
61%
28 England (MF) Joe Willock
59%
24 England (FW) Reiss Nelson
58%
32 England (MF) Emile Smith Rowe
50%
33 England (GK) Matt Macey
40%
No matching quizzes found
Score Distribution
Percent of People with Each Score
Percentile by Number Answered
Your Score History
You have not taken this quiz since the last reset